Sowietologia polskiej emigracji

Titel: Sowietologia polskiej emigracji
Verfasser:
In: Studia z dziejów Rosji i Europy Środkowo-Wschodniej, Band 42 (2007), Seite 293-298
alle Artikel anzeigen
Veröffentlicht: 2007
Format: Aufsatz
Sprache: Polnisch
Kein Bild verfügbar
X
alg: 39511634
001A    $01999:12-11-16 
001B    $01999:04-08-21 $t21:05:20.000 
001C    $06050:19-11-16 $t09:38:00.000 
001D    $01999:12-11-16 
001U    $0utf8 
001X    $00 
002@    $0Aox 
003@    $0395116341 
007A    $0395116341 $aHEB 
007T    $0Herda25495h 
010@    $apol 
011@    $a2007 
021A    $aSowietologia polskiej emigracji 
028A    $aBosiacki $dAdam 
031A    $d42 $h293-298 $j2007 
039B    $aIn $8--Abvc--. Studia z dziejów Rosji i Europy Środkowo-Wschodniej. - Warszawa : Wydawn. Naukowe Semper, 1992-. - ISSN 1230-5057 $x200700000420000707 $9048641332 
039T    $8--Aax--Wolsza, Tadeusz$Z1956- [Tp3]. Za żelazną kurtyną. - Warszawa : Instytut Historii PAN, 2005. - 286 S.. - Ill.. - ISBN 83-88909-29-0 $9216994993 
045F    $a900.9437 $eDDC23BSB 
045F/01 $a900 
045F/03 $g437 
045F/03 $g438 
045T    $a7,41 

lok: 39511634 78

exp: 39511634 78 1 #EPN
201B/01 $018-11-16 $t13:47:42.000 
201U/01 $0utf8 
203@/01 $0791414981 
208@/01 $a12-11-16 $be 
209A/01 $a/ $f000 $x00 
220C/01 $aHerkunft: PBB/IH PAN 
244Z/01 $2Trx $#Poola $#Lenkija $#Polija $#Polen Land $#Poland $#Lengyelország $#Poľsko $#Polsko $8--Trx--Polska$gkraj $x01 $9391345966 
244Z/01 $2Trx $#Kesk- ja Ida- Euroopa kontseptsioonid $#Vidurio Europos koncepcijos $#East-Central Europe $#Keletközépeurópa-eszmék $#Europa Środkowo-Wschodnia koncepcje $#Európa stredovýchodná koncepcie $#Evropa střední, východní část koncepce $#Mitteleuropa $#Osteuropakonzeptionen $#Europa Środkowa koncepcje $#Stredná Európa koncepcie $#Střední Europa koncepce $8--Trx--Ostmitteleuropakonzeptionen $x02 $9391364286 
244Z/01 $2Trx $#arvustused $#recenzijos $#Reviews $#recenziók $#recenzje $#recenzie $#recenze $8--Trx--Rezensionen $x03 $9391357441 
247C/01 $82080>Marburg/Lahn, Herder-Institut, Forschungsbibliothek, Bibliographieportal $9336309341
LEADER 00000caa a22000002c 4500
001 395116341
003 DE-603
005 20210804210520.0
007 tu
008 161112s2007 xx |||| | u00||u|pol c
035 |a (DE-599)HEB395116341 
040 |a DE-603  |b ger  |c DE-603  |d DE-603 
041 |a pol 
082 0 4 |8 1\u  |a 900.9437  |q DE-101  |2 23/BSB 
084 |a 7,41  |2 ssgn 
085 |8 1\u  |b 900 
085 |8 1\u  |z 2  |s 437 
085 |8 1\u  |z 2  |s 438 
100 1 |a Bosiacki, Adam 
245 0 0 |a Sowietologia polskiej emigracji 
264 0 |c 2007 
773 0 8 |i In  |t Studia z dziejów Rosji i Europy Środkowo-Wschodniej  |d Warszawa : Wydawn. Naukowe Semper, 1992-  |x 1230-5057  |g Band 42 (2007), Seite 293-298  |w (DE-603)048641332  |w (DE-600)1176803-4 
787 0 8 |i Rezension von  |a Wolsza, Tadeusz, 1956-  |t Za żelazną kurtyną  |d Warszawa : Instytut Historii PAN, 2005  |h 286 S., Ill.  |z 8388909290  |w (DE-603)216994993 
924 0 |9 2080  |a (DE-603)791414981  |b DE-2080  |c HES  |d d  |g /